000 00670nam a2200289Ia 4500
005 20260324124049.0
008 008 260324s9999 xx 000 0 eng d
020 _a9781315649504
037 _aEBOOK
040 _aCRL
040 _beng
040 _cCRL
041 _2eng
041 _aeng
084 _qCRL
100 _aClare Broome Saunders
_91162432
245 4 _aThe Soldier's Orphan: A Tale
245 0 _bby Mrs Costello
260 _bTaylor and Francis
260 _c2011
365 _a
365 _b140
856 _uhttp://www.taylorfrancis.com/books/9781315649504
942 _cEBOOK
999 _c1766781
_d1766781